| 000 | 01027cam a22002771i 4500 | ||
|---|---|---|---|
| 003 | SA-RiAUC | ||
| 005 | 20250129064210.0 | ||
| 008 | 250120s1999 ts ao g 000 0 ara c | ||
| 020 | _a1860631088 | ||
| 040 |
_aOM-MuSQU _bara _cSA-RiAUC _erda |
||
| 043 | _aar----- | ||
| 082 | 0 | 4 |
_a915.304 _qSA-RiAUC |
| 090 |
_a915.304 _bث ي س |
||
| 100 | 1 |
_aثيسيجر، ويلفرد، _d1910-2003 _eمؤلف. |
|
| 245 | 1 | 2 |
_aالرمال العربية / _cتأليف ويلفرد ثيسجر. |
| 250 | _aالطبعة الرابعة. | ||
| 264 | 1 |
_aأبو ظبي ؛ _aعجمان، الإمارات العربية المتحدة : _bموتيف إيت، _c1999 |
|
| 300 |
_a345 صفحة : _bخرائط، صور ؛ _c24 سم |
||
| 336 |
_aنص _btxt _2rdacontent _3كتاب |
||
| 337 |
_aبدون وسيط _bn _2rdamedia |
||
| 338 |
_aمجلد _bnc _2rdacarrier |
||
| 590 | _aحمد. | ||
| 651 | 7 |
_aشبه الجزيرة العربية _xوصف ورحلات _2aucsh |
|
| 942 |
_2ddc _cBOOK _n0 |
||
| 949 |
_aSA-JeALM _d250120 _umohamedma123 _n1 |
||
| 999 |
_c5375 _d5375 |
||